|
|
|
|
| LEADER |
01810nam a22003372a 4500 |
| 001 |
000156161 |
| 003 |
CZ BrMZK |
| 005 |
20081002165941.0 |
| 007 |
ta |
| 008 |
950101s1975 xr f cze d |
| 015 |
|
|
|a cnb000136765
|
| 020 |
|
|
|q (Váz.)
|
| 035 |
|
|
|a (OCoLC)2904256
|
| 040 |
|
|
|a ABA001
|b cze
|c LIA001
|d ABA001
|
| 080 |
9 |
|
|a 92 Křišťan z Prachatic :61"04/14"
|
| 100 |
0 |
|
|a Křišťan z Prachatic,
|d asi 1360-1439
|7 jk01070096
|4 aut
|
| 245 |
1 |
0 |
|a Lékařské knížky Mistra Křišťana z Prachatic z mnohých vybrané /
|c úvod, edice, ediční pozn., slovníček a vysvětl.: Zdeňka Tichá ; Miloslav Matoušek: O Křišťanovi z Prachatic, doslov
|
| 250 |
|
|
|a Vyd. 1.
|
| 260 |
|
|
|a Praha :
|b Avicenum,
|c 1975
|
| 300 |
|
|
|a 210, [1] s. ;
|c 8°
|
| 500 |
|
|
|a Il. předsádky
|
| 520 |
2 |
|
|a Edice česky psaných Lékařských knížežek učeného teologa, matematika, astronoma a lékaře byla pořízena podle jediného úplného exempláře, který vyšel v r. 1554. Dílo, o jehož velké oblibě svědčí, že bylo až do 18. století opisovánoa přetiskováno, je nejen důležitým zdrojem pro poznání středověkého lékařství a jeho léčebných metod, ale i zajímavým příspěvkem ke kulturní historii vůbec.
|
| 500 |
|
|
|a 10000 výt.
|
| 700 |
1 |
|
|a Tichá, Zdeňka,
|d 1927-1984
|7 jk01132385
|4 wfw
|
| 700 |
1 |
|
|a Matoušek, Miloslav,
|d 1900-1985
|7 jk01080807
|4 wfw
|
| 856 |
4 |
1 |
|u http://www.digitalniknihovna.cz/mzk/uuid/uuid:d3774e70-7ff6-11e2-aa2b-005056827e51
|y Digitalizovaný dokument
|x NDK
|
| 910 |
|
|
|a BOA001
|b 1-0742.575
|
| 990 |
|
|
|a BK
|
| 991 |
|
|
|b 200809
|
| 996 |
6 |
|
|b 2610586415
|c 1-0742.575
|l MZK
|r Sklad / do 1 hodiny
|n 5
|p dar
|w 000156161
|u 000020
|a 1
|e BOA001
|j MZK50
|s P
|
| 996 |
7 |
|
|b 2619951063
|c 1-0742.575
|l MZK
|r Sklad / do 1 hodiny
|n 61
|w 000156161
|u 000010
|a 1
|e BOA001
|j MZK50
|s A
|